000
00283nam a22001337a 4500
020
_a
978-81-87107-96-5
082
_a
823
_b
OM/A
100
_a
OM PUBLICATIONS
245
_a
ARABIAN NIGHTS
260
_a
NOIDA
_b
OM
300
_a
79
650
_a
ENGLISH SHORT STORY
_z
NOIDA
942
_c
BK
999
_c
3038
_d
3038